|
|
|
|
| LEADER |
01339nam a2200385 a 4500 |
| 001 |
000482417 |
| 003 |
CZ BrMZK |
| 005 |
20110502083229.0 |
| 007 |
ta |
| 008 |
000115s2000 xr g f cze d |
| 015 |
|
|
|a cnb000973963
|
| 020 |
|
|
|a 80-241-0531-4
|
| 035 |
|
|
|a (OCoLC)45491198
|
| 040 |
|
|
|a BOA001
|b cze
|
| 072 |
|
7 |
|a 821-31/-34
|x Milostná, dobrodružná, fantastická próza
|2 Konspekt
|9 25
|
| 080 |
|
|
|a 821-312.5
|2 MRF
|
| 080 |
|
|
|a (0:82-312.5)
|2 MRF
|
| 100 |
1 |
|
|a Thompson, Vicki Lewis
|7 jn20001103710
|4 aut
|
| 245 |
1 |
0 |
|a Perfektní léto /
|c Vicki Lewis Thompsonová, JoAnn Rossová ; [překlad: Evženie Zavodská].
|
| 246 |
3 |
3 |
|a Přes palubu
|
| 246 |
3 |
3 |
|a Prozatím ano
|
| 260 |
|
|
|a Praha :
|b Harlequin,
|c 2000
|
| 300 |
|
|
|a 320 s. ;
|c 17 cm
|
| 490 |
1 |
|
|a Na dovolenou ;
|v 1
|
| 490 |
1 |
|
|a Harlequin speciál ;
|v 5 (I 1/00)
|
| 500 |
|
|
|a Obsahuje: Přes palubu/Vicki Lewis Thompsonová; Prozatím ano/JoAnn Rossová
|
| 655 |
|
7 |
|a milostné romány
|7 fd132840
|2 czenas
|
| 700 |
1 |
|
|a Ross, JoAnn
|7 jn20001103711
|4 aut
|
| 700 |
1 |
|
|a Zavodská, Evženie
|7 jn19981002439
|4 trl
|
| 765 |
0 |
|
|t Perfect summer
|
| 830 |
|
0 |
|a Na dovolenou
|
| 830 |
|
0 |
|a Harlequin speciál
|0 s
|
| 910 |
|
|
|a BOA001
|b 1-1074.663
|
| 990 |
|
|
|a BK
|
| 996 |
6 |
|
|b 2610117609
|c 1-1074.663
|l MZK
|r Sklad / do 1 hodiny
|n 7
|p p.v.
|w 000482417
|u 000010
|a 1
|e BOA001
|j MZK50
|s P
|